| 000 | 01176cam a22003978a 4500 | ||
|---|---|---|---|
| 001 | 17316865 | ||
| 003 | OSt | ||
| 005 | 20140310182745.0 | ||
| 008 | 120524s2013 nyu 001 0 eng | ||
| 010 | _a 2012020946 | ||
| 020 | _a9780071085359 | ||
| 040 |
_aDLC _cDLC |
||
| 042 | _apcc | ||
| 050 | 0 | 0 |
_aHD 62.5 _b.H577 2010 |
| 100 | 1 | _aHisrich, Robert D. | |
| 245 | 1 | 0 |
_aEntrepreneurship / _cRobert D. Hisrich, Michael P. Peters, Dean A. Shepherd. |
| 250 | _a8th ed. | ||
| 260 |
_aNew York, NY : _bMcGraw-Hill/Irwin, _c2010. |
||
| 300 |
_axix, 681 p. : _bill. (some col.), col. maps ; _c26 cm. |
||
| 500 | _aIncludes index. | ||
| 521 | _aBSBA | ||
| 650 | 0 | _aNew business enterprises. | |
| 650 | 0 | _aEntrepreneurship. | |
| 650 | 0 | _aBusiness planning. | |
| 650 | 0 |
_aBusiness enterprises _xFinance. |
|
| 650 | 0 | _aSuccess in business. | |
| 700 | 1 | _aPeters, Michael P. | |
| 700 | 1 | _aShepherd, Dean A. | |
| 906 |
_a7 _bcbc _corignew _d1 _eecip _f20 _gy-gencatlg |
||
| 942 |
_2lcc _cBK _kFOR |
||
| 999 |
_c15642 _d15642 |
||